| 000 | 00394nam a22001577a 4500 | ||
|---|---|---|---|
| 020 | _a9780230275485 | ||
| 082 | _a510.2462 STR | ||
| 100 | _aStroud, K. A. | ||
| 245 | _aAdvanced engineering mathematics | ||
| 250 | _a5th ed. | ||
| 260 |
_aUnited Kingdom _bMacmillan _c2011 |
||
| 300 |
_axxiv, 1111 p. _bill. ; |
||
| 500 | _aIncludes index. | ||
| 650 | _aEngineering mathematics. | ||
| 942 | _cBK | ||
| 999 |
_c12665 _d12665 |
||